I 7 Nani - Statistics

Statistiche generali
  • Questo quiz è stato fatto 66 volte
  • Il punteggio medio è 6 su 7
Statistiche sulle risposte
Nano % Corretto
Brontolo
94%
Mammolo
94%
Pisolo
94%
Eolo
91%
Cucciolo
85%
Dotto
85%
Gongolo
50%
Nessun quiz corrispondente trovato
Distribuzione punteggi
Percentuale di utenti per punteggio
Percentile per numero di risposta
I tuoi punteggi nel tempo
Non hai fatto questo quiz